Handbook on barangay governance / (Record no. 4686)
[ view plain ]
| 000 -LEADER | |
|---|---|
| fixed length control field | 00719nam a22002297i 4500 |
| 003 - CONTROL NUMBER IDENTIFIER | |
| control field | URS |
| 005 - DATE AND TIME OF LATEST TRANSACTION | |
| control field | 20220117120456.0 |
| 008 - FIXED-LENGTH DATA ELEMENTS--GENERAL INFORMATION | |
| fixed length control field | 180618b xxu||||| |||| 00| 0 eng d |
| 020 ## - INTERNATIONAL STANDARD BOOK NUMBER | |
| International Standard Book Number | 9716130309 |
| 040 ## - CATALOGING SOURCE | |
| Description conventions | rda |
| Transcribing agency | URS |
| Language of cataloging | eng |
| 050 ## - LIBRARY OF CONGRESS CALL NUMBER | |
| Classification number | JS7303 |
| Item number | .D569 2002 |
| 100 ## - MAIN ENTRY--PERSONAL NAME | |
| Personal name | Dihan, Reverendo. |
| 245 ## - TITLE STATEMENT | |
| Title | Handbook on barangay governance / |
| Statement of responsibility, etc. | Reverendo M. Dihan. -- |
| 264 #1 - PRODUCTION, PUBLICATION, DISTRIBUTION, MANUFACTURE, AND COPYRIGHT NOTICE | |
| Place of production, publication, distribution, manufacture | Manila : |
| Name of producer, publisher, distributor, manufacturer | Mary Jo Publishing House, Inc., |
| Date of production, publication, distribution, manufacture, or copyright notice | 2002. |
| 300 ## - PHYSICAL DESCRIPTION | |
| Extent | vii, 508 pages ; |
| Dimensions | 24 cm |
| 336 ## - CONTENT TYPE | |
| Content type term | text |
| Content type code | txt |
| Source | rdacontent |
| 337 ## - MEDIA TYPE | |
| Media type term | unmediated |
| Media type code | n |
| Source | rdamedia |
| 338 ## - CARRIER TYPE | |
| Carrier type term | volume |
| Carrier type code | nc |
| Source | rdacarrier |
| 650 ## - SUBJECT ADDED ENTRY--TOPICAL TERM | |
| Source of heading or term | Barangay. -- Administrations -- Handbooks,manuals,etc |
| 650 ## - SUBJECT ADDED ENTRY--TOPICAL TERM | |
| Topical term or geographic name entry element | Barangay. -- Law and legislation |
| 942 ## - ADDED ENTRY ELEMENTS (KOHA) | |
| Source of classification or shelving scheme | Library of Congress Classification |
| Koha item type | Filipiniana |
| Withdrawn status | Source of classification or shelving scheme | Damaged status | Not for loan | Collection code | Home library | Current library | Shelving location | Date acquired | Source of acquisition | Total Checkouts | Full call number | Barcode | Date last seen | Price effective from | Koha item type |
|---|---|---|---|---|---|---|---|---|---|---|---|---|---|---|---|
| Library of Congress Classification | Non-fiction | Antipolo College Library | Antipolo College Library | General Stacks | 06/18/2018 | Donation | JS7303 .D569 2002 | URSANT-00838 | 06/18/2018 | 06/18/2018 | Filipiniana | ||||
| Library of Congress Classification | Non-fiction | Antipolo College Library | Antipolo College Library | General Stacks | 06/18/2018 | Donation | JS7303 .D569 2002 | URSANT-00839 | 06/18/2018 | 06/18/2018 | Filipiniana | ||||
| Library of Congress Classification | Non-fiction | Antipolo College Library | Antipolo College Library | General Stacks | 06/18/2018 | Donation | JS7303 .D569 2002 | URSANT-00840 | 06/18/2018 | 06/18/2018 | Filipiniana | ||||
| Library of Congress Classification | Non-fiction | Antipolo College Library | Antipolo College Library | General Stacks | 06/18/2018 | Donation | JS7303 .D569 2002 | URSANT-00841 | 06/18/2018 | 06/18/2018 | Filipiniana | ||||
| Library of Congress Classification | Non-fiction | Antipolo College Library | Antipolo College Library | General Stacks | 06/18/2018 | Donation | JS7303 .D569 2002 | URSANT-00842 | 06/18/2018 | 06/18/2018 | Filipiniana | ||||
| Library of Congress Classification | Non-fiction | Antipolo College Library | Antipolo College Library | General Stacks | 06/18/2018 | Donation | JS7303 .D569 2002 | URSANT-00843 | 06/18/2018 | 06/18/2018 | Filipiniana | ||||
| Library of Congress Classification | Non-fiction | Antipolo College Library | Antipolo College Library | General Stacks | 06/18/2018 | Donation | JS7303 .D569 2002 | URSANT-00844 | 06/18/2018 | 06/18/2018 | Filipiniana | ||||
| Library of Congress Classification | Non-fiction | Antipolo College Library | Antipolo College Library | General Stacks | 06/18/2018 | Donation | JS7303 .D569 2002 | URSANT-00845 | 06/18/2018 | 06/18/2018 | Filipiniana | ||||
| Library of Congress Classification | Non-fiction | Antipolo College Library | Antipolo College Library | General Stacks | 06/18/2018 | Donation | JS7303 .D569 2002 | URSANT-00846 | 06/18/2018 | 06/18/2018 | Filipiniana | ||||
| Library of Congress Classification | Non-fiction | Antipolo College Library | Antipolo College Library | General Stacks | 06/18/2018 | Donation | JS7303 .D569 2002 | URSANT-00847 | 06/18/2018 | 06/18/2018 | Filipiniana | ||||
| Library of Congress Classification | Non-fiction | Antipolo College Library | Antipolo College Library | General Stacks | 06/18/2018 | Donation | JS7303 .D569 2002 | URSANT-00848 | 06/18/2018 | 06/18/2018 | Filipiniana | ||||
| Library of Congress Classification | Non-fiction | Antipolo College Library | Antipolo College Library | General Stacks | 06/18/2018 | Donation | JS7303 .D569 2002 | URSANT-00849 | 06/18/2018 | 06/18/2018 | Filipiniana | ||||
| Library of Congress Classification | Non-fiction | Antipolo College Library | Antipolo College Library | General Stacks | 06/18/2018 | Donation | JS7303 .D569 2002 | URSANT-00850 | 06/18/2018 | 06/18/2018 | Filipiniana | ||||
| Library of Congress Classification | Non-fiction | Antipolo College Library | Antipolo College Library | General Stacks | 06/18/2018 | Donation | JS7303 .D569 2002 | URSANT-00851 | 06/18/2018 | 06/18/2018 | Filipiniana | ||||
| Library of Congress Classification | Non-fiction | Antipolo College Library | Antipolo College Library | General Stacks | 06/18/2018 | Donation | JS7303 .D569 2002 | URSANT-00852 | 06/18/2018 | 06/18/2018 | Filipiniana | ||||
| Library of Congress Classification | Non-fiction | Antipolo College Library | Antipolo College Library | General Stacks | 06/18/2018 | Donation | JS7303 .D569 2002 | URSANT-00853 | 06/18/2018 | 06/18/2018 | Filipiniana | ||||
| Library of Congress Classification | Non-fiction | Antipolo College Library | Antipolo College Library | General Stacks | 06/18/2018 | Donation | JS7303 .D569 2002 | URSANT-00854 | 06/18/2018 | 06/18/2018 | Filipiniana | ||||
| Library of Congress Classification | Non-fiction | Antipolo College Library | Antipolo College Library | General Stacks | 06/18/2018 | Donation | JS7303 .D569 2002 | URSANT-00855 | 06/18/2018 | 06/18/2018 | Filipiniana | ||||
| Library of Congress Classification | Non-fiction | Antipolo College Library | Antipolo College Library | General Stacks | 06/18/2018 | Donation | JS7303 .D569 2002 | URSANT-00856 | 06/18/2018 | 06/18/2018 | Filipiniana | ||||
| Library of Congress Classification | Non-fiction | Cardona College LIbrary | Cardona College LIbrary | General Stacks | 04/04/2019 | KPM 68 D5697 2002 | URSCAR-2140 | 04/04/2019 | 04/04/2019 | Filipiniana | |||||
| Library of Congress Classification | Non-fiction | Cardona College LIbrary | Cardona College LIbrary | General Stacks | 04/04/2019 | KPM 68 D5697 2002 | URSCAR-2141 | 04/04/2019 | 04/04/2019 | Filipiniana |